Responses for Show #9104 - Thursday, May 16, 2024

Grant DeYoung game 2.

Contestants

[<< previous game]

Elizabeth Brzozowski, a social studies teacher from Fishkill, New York

Chen Yan, a surgeon from Happy Valley, Oregon

Grant DeYoung, a grocery clerk from Prescott, Arizona (whose 1-day cash winnings total $25,601)

[next game >>]

Jeopardy! Round responses

YO ABBA ABBA!
ANAGRAMMED AUTHORS
MEET ME IN THE MIDDLE
CLOSE STATES IN THE PRESIDENTIAL ELECTION
HERE BE MONSTERS
NOT AN ADVERB, BUT ENDS WITH "-LY"
    $200 27
Sweden

Chen
    $200 29
Agatha Christie

Chen
    $200 28
(Ken: Yeah, you got the medical one.)

the middle ear

Chen
    $200 30
(Ken: [*]'s right, the Granite State.)

New Hampshire

Grant
    $200 21
Godzilla

Grant
    $200 20
to tally

Triple Stumper
    $400 26
"Mamma Mia"

Chen
    $400 25
George Orwell

Grant
    $400 24
Buddhism

Grant
    $400 15
Florida

Chen
    $400 8
the Kraken

Grant
    $400 17
a gully

Grant
    $600 7
the "Dancing Queen"

Elizabeth
    $600 11
Alice Walker

Grant
    $600 10
Jimmy Eat World

Grant
    $600 14
(Ken: Not popular in Virginia at the time.)

Lincoln

Elizabeth
    $600 3
a crocodile

Chen
    $600 16
a bialy

Elizabeth
    $800 1
"The Winner Takes It All"

Chen
    $800 12
(Grant: What's... Emily Dickinson?)
...
(Ken: Grant saw it too late--[*].)

Henry David Thoreau

Grant
Triple Stumper
    $800 4
midfield

Grant
    $800 22
Teddy Roosevelt

Grant
    $800 2
the Yeti

Elizabeth
    $4,000 18
(Grant: What's... irregularity?)

anomaly

Grant
    $1000 6
"Waterloo"

Grant
    $1000 13
Mickey Spillane

Triple Stumper
    $1000 5
Saudi Arabia

Triple Stumper
    $1000 23
Clay

Grant
    $1000 9
Karloff

Grant
    $1000 19
a homily

Elizabeth

Scores at the first commercial break (after clue 15):

Grant Chen Elizabeth
$3,600 $1,800 $2,000

Scores at the end of the Jeopardy! Round:

Grant Chen Elizabeth
$3,000 $2,800 $3,600

Double Jeopardy! Round responses

COUNTRIES WITH ONE THING IN COMMON
(Ken: Which is that their names are all seven letters long.)
APPROXIMATE WEIGHTS & MEASURES
TV "Q"
THE WILD WEST
SCIENCE EXPERIEMENTS
ADD A LETTER
(Ken: Each correct response there will be two words.)
    $400 26
Denmark

Elizabeth
    $400 28
a patch

Grant
    $400 22
The Queen's Gambit

Chen
    $400 30
Stetson

Chen
    $400 19
bees

Elizabeth
    $400 21
dessert & desert

Chen
    $800 25
Nigeria

Grant
    $800 27
(Grant: What's a brood?)

a clutch

Grant
Triple Stumper
    $800 15
Quantum Leap

Grant
    $800 29
Oregon

Chen
    $800 18
a prism

Grant
    $800 20
(Grant: What's an ant aunt?)

an aunt taunt

Grant
Triple Stumper
    $1200 10
(Grant: What's Uruguay?)

Bolivia

Grant
Triple Stumper
    $1200 7
a heap

Triple Stumper
    $1200 6
Quark

Grant
    $1200 8
a trading post

Grant
    $1200 2
Galileo

Grant
    $1200 14
Tempe temple

Chen
    $1600 11
Jamaica

Grant
    $1600 24
tufts

Grant
    $1600 4
Quahog

Chen
    $5,000 9
Winchester

Grant
    $1600 1
rubber

Triple Stumper
    $1600 16
a cleaner cleanser

Triple Stumper
    $6,000 12
[Grant counts on his fingers before responding.]
...
(Ken: Yes, you counted right.)

Senegal

Grant
    $2000 23
(Elizabeth: What is a harem?)

a bevy of women

Elizabeth
Triple Stumper
    $2000 5
(Ken: The show was called [*], M.E.)

Quincy

Triple Stumper
    $2000 13
(Chen: What are the Hopalong Gang?)

the Wild Bunch

Chen
Triple Stumper
    $2000 3
Skylab

Chen
    $2000 17
corner & coroner

Chen

Scores at the end of the Double Jeopardy! Round:

Grant Chen Elizabeth
$20,800 $9,600 $2,400
(lock game)

[wagering suggestions for these scores]

Final Jeopardy! Round responses

THE EARLY 20th CENTURY
(Ken: [To Grant] The man who shot Archduke Ferdinand, "Who is [*]?", that is correct.)
ElizabethWho is Archduke Franz Ferdinand
$2,400
ChenWho is Sirhan Sirhan? Hi baby Oliver!
$0
GrantWho is Princip? Ferdinand
$0
Princip

Final scores:

Grant Chen Elizabeth
$20,800 $9,600 $0
2-day champion: $46,401 2nd place: $3,000 3rd place: $2,000

Game dynamics:

Coryat scores:

Grant Chen Elizabeth
$17,400 $9,600 $2,400
24 R
(including 2 DDs),
5 W
(including 1 DD)
15 R,
1 W
7 R,
1 W

Combined Coryat: $29,400

[game clues] [game scores] [suggest correction]

Game tape date: 2024-04-03
The J! Archive is created by fans, for fans. Scraping, republication, monetization, and malicious use prohibited; this site may use cookies and collect identifying information. See terms. The Jeopardy! game show and all elements thereof, including but not limited to copyright and trademark thereto, are the property of Jeopardy Productions, Inc. and are protected under law. This website is not affiliated with, sponsored by, or operated by Jeopardy Productions, Inc. Join the discussion at JBoard.tv.